[Event "RUS-ch U20"]
[Site "Ekaterinburg"]
[Date "2024.04.10"]
[Round "4"]
[White "Tsvetkov, Andrey1"]
[Black "Zemlyanskii, Ivan"]
[Result "1/2-1/2"]
[WhiteElo "2423"]
[BlackElo "2530"]
[PlyCount "136"]
[EventDate "2024.04.07"]
[EventType "tourn"]
[EventRounds "9"]
[EventCountry "RUS"]
[EventCategory "7"]
[SourceTitle "CB16_2024"]
[SourceDate "2024.04.17"]
[SourceVersion "1"]
[SourceVersionDate "2024.04.17"]
[SourceQuality "1"]

1. e4 c5 2. Nf3 d6 3. d4 cxd4 4. Nxd4 Nf6 5. Nc3 a6 6. Bg5 Nbd7 7. Be3 g6 8. f3 Bg7 9. Qd2 Qc7 10. g4 b5 11. g5 b4 12. Na4 Nh5 13. Qxb4 Rb8 14. Qc3 Qxc3+ 15. Nxc3 Rxb2 16. 0-0-0 Rb8 17. Nd5 Ne5 18. Nc7+ Kd8 19. Nxa6 Bxa6 20. Bxa6 Ra8 21. Be2 Ra4 22. f4 Nc4 23. Bxc4 Rxc4 24. e5 dxe5 25. fxe5 Kc8 26. e6 f5 27. Rhe1 Rd8 28. Nb3 Rxd1+ 29. Rxd1 Rc6 30. a4 Rxe6 31. Rd3 Be5 32. a5 Rc6 33. Bb6 Rd6 34. Rf3 Rc6 35. h4 Nf4 36. Re3 Bd6 37. Nd4 Rc4 38. Nb5 Bc5 39. Na7+ Kd7 40. Rb3 Nd5 41. Bxc5 Rxc5 42. Nb5 Rc6 43. Kd2 e6 44. Nd4 Rc4 45. Kd3 Ra4 46. c4 Nf4+ 47. Ke3 e5 48. Nf3 Ng2+ 49. Kf2 Ra2+ 50. Kg1 e4 51. Nd4 Nf4 52. c5 Ra4 53. Rb7+ Kc8 54. c6 Rxd4 55. a6 e3 56. a7 Rd1+ 57. Kh2 Ra1 58. Rb8+ Kc7 59. a8Q Rxa8 60. Rxa8 Nd3 61. Re8 f4 62. Kg2 Kxc6 63. Kf3 Kd5 64. Re4 Kc5 65. Ke2 Nc1+ 66. Kf3 Nd3 67. Ke2 Nc1+ 68. Kf3 Nd3 1/2-1/2

[Event "Titled Tuesday intern op 02nd Apr Early"]
[Site "Chess.com INT"]
[Date "2024.04.02"]
[Round "3"]
[White "Lehtosaari, Mauri"]
[Black "Zemlyanskii, Ivan"]
[Result "0-1"]
[WhiteElo "2149"]
[BlackElo "2530"]
[PlyCount "62"]
[EventDate "2024.04.02"]
[EventType "swiss (blitz)"]
[EventRounds "11"]
[EventCountry "USA"]
[SourceTitle "CB15_2024"]
[SourceDate "2024.04.10"]
[SourceVersion "1"]
[SourceVersionDate "2024.04.10"]
[SourceQuality "1"]

1. d4 d5 2. c4 e6 3. Nc3 c6 4. Nf3 Nf6 5. cxd5 exd5 6. Bg5 Be7 7. e3 Bf5 8. Nh4 Bg6 9. Nxg6 hxg6 10. Bd3 Nbd7 11. h3 a5 12. Qc2 Nh5 13. Bxe7 Qxe7 14. a3 Nf4 15. Bf1 Ne6 16. Rd1 Nf6 17. Be2 0-0 18. 0-0 Rfe8 19. Rb1 c5 20. dxc5 Qxc5 21. Bb5 Red8 22. Qd3 d4 23. Na4 Qg5 24. Bc4 dxe3 25. Qxe3 Nf4 26. Qf3 Rd4 27. b3 Rad8 28. Nb6 R8d6 29. Nc8 Rd7 30. Nb6 Rd8 31. Rbd1 Rxd1 0-1

[Event "Titled Tuesday intern op 02nd Apr Early"]
[Site "Chess.com INT"]
[Date "2024.04.02"]
[Round "9"]
[White "Yanchenko, Roman"]
[Black "Zemlyanskii, Ivan"]
[Result "1-0"]
[WhiteElo "2466"]
[BlackElo "2530"]
[PlyCount "107"]
[EventDate "2024.04.02"]
[EventType "swiss (blitz)"]
[EventRounds "11"]
[EventCountry "USA"]
[SourceTitle "CB15_2024"]
[SourceDate "2024.04.10"]
[SourceVersion "1"]
[SourceVersionDate "2024.04.10"]
[SourceQuality "1"]

1. d4 d5 2. Nf3 Nf6 3. Bf4 c5 4. e3 Nc6 5. c3 Qb6 6. Qb3 c4 7. Qc2 Bf5 8. Qc1 e6 9. Be2 Be7 10. 0-0 0-0 11. Nbd2 Rfc8 12. h3 h6 13. Ne5 Qd8 14. Re1 b5 15. Bf3 Ne4 16. Nxe4 Bxe4 17. Bxe4 dxe4 18. Nxc6 Rxc6 19. a3 Qd5 20. Rf1 a5 21. Qc2 f5 22. f3 exf3 23. gxf3 Bd6 24. e4 fxe4 25. fxe4 Qh5 26. Bxd6 Rxd6 27. e5 Rdd8 28. Qg2 Rf8 29. Qg4 Qxg4+ 30. hxg4 Rxf1+ 31. Kxf1 Rb8 32. Ke2 Kf7 33. Ke3 Kg6 34. Ke4 Kg5 35. Rf1 Rb7 36. d5 exd5+ 37. Kxd5 Kxg4 38. e6 g5 39. Rf7 Rb8 40. e7 Re8 41. Ke6 h5 42. Rf8 Rxe7+ 43. Kxe7 h4 44. Rh8 h3 45. Kf6 a4 46. Rh7 Kg3 47. Kxg5 h2 48. Kf5 Kg2 49. Ke4 h1Q 50. Rxh1 Kxh1 51. Kd5 Kg2 52. Kc5 Kf3 53. Kxb5 Ke4 54. Kxc4 1-0

[Event "Pozarevac Rudar GM-B 01"]
[Site "Pozarevac"]
[Date "2024.02.01"]
[Round "2.1"]
[White "Psyk, Radoslaw"]
[Black "Zemlyanskii, Ivan"]
[Result "1-0"]
[WhiteElo "2461"]
[BlackElo "2492"]
[PlyCount "143"]
[EventDate "2024.01.31"]
[EventType "tourn"]
[EventRounds "9"]
[EventCountry "SRB"]
[SourceTitle "CB07_2024"]
[SourceDate "2024.02.14"]
[SourceVersion "1"]
[SourceVersionDate "2024.02.14"]
[SourceQuality "1"]
[WhiteTeam "TIeam B"]
[BlackTeam "TIeam D"]
[WhiteTeamCountry "SRB"]
[BlackTeamCountry "SRB"]

1. e4 c5 2. c3 d5 3. exd5 Nf6 4. Bb5+ Nbd7 5. d4 a6 6. Be2 Nxd5 7. Nf3 e6 8. c4 N5f6 9. 0-0 Qc7 10. Nc3 Bd6 11. dxc5 Bxc5 12. a3 b6 13. b4 Bd6 14. Qd2 Bb7 15. Rd1 Ke7 16. h3 Rhd8 17. Qe1 Rac8 18. Be3 Bf4 19. Bxf4 Qxf4 20. Rd4 Qc7 21. Rad1 e5 22. R4d3 Kf8 23. Re3 Re8 24. Bf1 Re7 25. Nd2 Rce8 26. Nb3 e4 27. a4 Ne5 28. c5 Ned7 29. b5 bxc5 30. bxa6 Ba8 31. Nb5 Qf4 32. Nd6 Rd8 33. Qa5 Rb8 34. a7 Rb6 35. Nc8 Qc7 36. Nxb6 Nxb6 37. Rc3 e3 38. Rxe3 Rxe3 39. fxe3 Ne4 40. Nd2 Ng5 41. e4 Qd6 42. Qc3 Nd7 43. Rc1 Qc7 44. Bb5 Qxa7 45. Bxd7 c4+ 46. Kh1 Qxd7 47. Qb4+ Ke8 48. Rxc4 Ne6 49. Qb5 Ke7 50. Qxd7+ Kxd7 51. Kg1 Bc6 52. Kf2 Nf4 53. a5 Bb5 54. Rc2 Bd3 55. Rc3 Ba6 56. Nb3 Kd6 57. Nc5 Ne2 58. e5+ Kd5 59. Re3 Kxc5 60. Rxe2 Bxe2 61. Kxe2 Kb5 62. Kd3 Kxa5 63. Kd4 Kb6 64. e6 fxe6 65. Ke5 Kc5 66. Kxe6 Kd4 67. Kf7 g5 68. g4 Ke5 69. Kg7 Kf4 70. Kxh7 Kg3 71. Kg6 Kh4 72. Kf5 1-0

[Event "Titled Tuesday intern op 16th Jan Early"]
[Site "Chess.com INT"]
[Date "2024.01.16"]
[Round "11"]
[White "Zemlyanskii, Ivan"]
[Black "Bardyk, Artem"]
[Result "1-0"]
[WhiteElo "2492"]
[BlackElo "2206"]
[PlyCount "41"]
[EventDate "2024.01.16"]
[EventType "swiss (blitz)"]
[EventRounds "11"]
[EventCountry "USA"]
[SourceTitle "CB04_2024"]
[SourceDate "2023.10.16"]
[SourceVersion "1"]
[SourceVersionDate "2023.10.16"]
[SourceQuality "1"]

1. d4 d5 2. c4 dxc4 3. Nf3 Nf6 4. e3 e6 5. Bxc4 c5 6. 0-0 Nc6 7. Qe2 cxd4 8. Rd1 Be7 9. exd4 0-0 10. Nc3 h6 11. d5 exd5 12. Nxd5 Nxd5 13. Bxd5 Qc7 14. Qc4 Bf6 15. Bf4 Qb6 16. Bd6 Rd8 17. Bxf7+ Kh8 18. Bg6 Bd7 19. Bc2 Ne7 20. Bxe7 Bxe7 21. Qe4 1-0

[Event "Titled Tuesday intern op 09th Jan Early"]
[Site "Chess.com INT"]
[Date "2024.01.09"]
[Round "7"]
[White "Zemlyanskii, Ivan"]
[Black "Hayrapetyan, Hovik"]
[Result "1/2-1/2"]
[WhiteElo "2492"]
[BlackElo "2427"]
[PlyCount "170"]
[EventDate "2024.01.09"]
[EventType "swiss (blitz)"]
[EventRounds "11"]
[EventCountry "USA"]
[SourceTitle "CB03_2024"]
[SourceDate "2024.01.17"]
[SourceVersion "1"]
[SourceVersionDate "2024.01.17"]
[SourceQuality "1"]

1. d4 Nf6 2. c4 e6 3. Bf4 b6 4. Nc3 Bb7 5. e3 Bb4 6. Nge2 0-0 7. a3 Be7 8. d5 d6 9. e4 e5 10. Bd2 a5 11. Ng3 Na6 12. Bd3 Nc5 13. Bc2 Ba6 14. b3 Ne8 15. 0-0 Bg5 16. Nge2 Bxd2 17. Qxd2 g6 18. b4 axb4 19. axb4 Nd7 20. Bd3 Ng7 21. Ra3 Bb7 22. Rfa1 Rxa3 23. Rxa3 f5 24. Ra7 Qb8 25. Qa2 f4 26. f3 g5 27. h3 h5 28. Nb5 Kh7 29. Nec3 Kg6 30. Be2 Ne8 31. Qa4 Nef6 32. Kf2 g4 33. hxg4 hxg4 34. fxg4 Rh8 35. Qa1 Kg5 36. Bf3 Rh2 37. Qg1 Rh7 38. Qc1 Nxg4+ 39. Bxg4 Kxg4 40. Ne2 Nf6 41. Qc2 Kg5 42. Qd3 Ng4+ 43. Ke1 Rh1+ 44. Kd2 Rd1+ 45. Kxd1 Nf2+ 46. Kc2 Nxd3 47. Kxd3 c6 48. dxc6 Bxc6 49. Nec3 Bxb5 50. Nxb5 Kf6 51. Rd7 Qg8 52. Rxd6+ Ke7 53. Rxb6 Qg3+ 54. Kc2 Qxg2+ 55. Kb3 f3 56. Rb7+ Kf8 57. Nd6 f2 58. Rf7+ Kg8 59. c5 f1Q 60. Rxf1 Qxf1 61. b5 Kf8 62. Kb4 Ke7 63. Ka5 Kd7 64. Kb6 Qb1 65. Nc4 Qxe4 66. c6+ Ke7 67. Na5 Qd4+ 68. Ka6 Qc5 69. Nb7 Qa3+ 70. Kb6 Qe3+ 71. Kc7 e4 72. b6 Qf4+ 73. Kc8 e3 74. c7 e2 75. Nc5 e1Q 76. Kb7 Qee5 77. Na6 Qd5+ 78. Ka7 Qfd6 79. c8Q Qd7+ 80. Qxd7+ Qxd7+ 81. b7 Kd6 82. Kb6 Qc6+ 83. Ka7 Qd7 84. Ka8 Qc6 85. Ka7 Qd7 1/2-1/2

[Event "Titled Tuesday intern op 19th Dec Early"]
[Site "Chess.com INT"]
[Date "2023.12.19"]
[Round "8"]
[White "Bettalli, Francesco"]
[Black "Zemlyanskii, Ivan"]
[Result "1-0"]
[WhiteElo "2260"]
[BlackElo "2492"]
[PlyCount "107"]
[EventDate "2023.12.19"]
[EventType "swiss (blitz)"]
[EventRounds "11"]
[EventCountry "USA"]
[SourceTitle "CB52_2023"]
[SourceDate "2023.12.27"]
[SourceVersion "1"]
[SourceVersionDate "2023.12.27"]
[SourceQuality "1"]

1. e4 c5 2. Nc3 e6 3. Nge2 Nc6 4. d4 cxd4 5. Nxd4 Nf6 6. Nxc6 bxc6 7. e5 Nd5 8. Ne4 Qc7 9. f4 Rb8 10. c4 Bb4+ 11. Ke2 0-0 12. a3 Be7 13. cxd5 cxd5 14. Nd6 f6 15. Nxc8 Rfxc8 16. Qd4 fxe5 17. fxe5 Qc2+ 18. Ke1 Bc5 19. Qd2 Qe4+ 20. Qe2 Qg6 21. Bf4 Bd4 22. Qd3 Bxb2 23. Qxg6 hxg6 24. Ra2 g5 25. Bg3 Bd4 26. Bd3 Rb3 27. Kd2 Bc3+ 28. Ke2 Ba5 29. Rd1 Rbb8 30. Bf2 a6 31. Bd4 Bb6 32. Bxb6 Rxb6 33. Rc2 Rcb8 34. Rdc1 Kf7 35. Rc8 Ke7 36. Rxb8 Rxb8 37. g4 Rb2+ 38. Rc2 Rb3 39. a4 Ra3 40. Bxa6 Rxa4 41. Bb5 Rb4 42. Rc5 d6 43. Rc7+ Kd8 44. Rd7+ Kc8 45. Bc6 dxe5 46. Rxg7 Rxg4 47. Bd7+ Kc7 48. Bxe6+ Kd6 49. Bxg4 e4 50. Rxg5 Kc5 51. Be6 Kd6 52. Rxd5+ Kxe6 53. Rd4 Ke5 54. Ke3 1-0

[Event "Titled Tuesday intern op 19th Dec Early"]
[Site "Chess.com INT"]
[Date "2023.12.19"]
[Round "3"]
[White "Zemlyanskii, Ivan"]
[Black "Bardyk, Artem"]
[Result "0-1"]
[WhiteElo "2492"]
[BlackElo "2206"]
[PlyCount "100"]
[EventDate "2023.12.19"]
[EventType "swiss (blitz)"]
[EventRounds "11"]
[EventCountry "USA"]
[SourceTitle "CB52_2023"]
[SourceDate "2023.12.27"]
[SourceVersion "1"]
[SourceVersionDate "2023.12.27"]
[SourceQuality "1"]

1. d4 d5 2. c4 e6 3. Nf3 Nf6 4. Qc2 Be7 5. cxd5 exd5 6. Bf4 c6 7. e3 0-0 8. Nc3 Re8 9. Bd3 Nbd7 10. h3 Nf8 11. 0-0 Ne6 12. Bh2 Bd6 13. Bxd6 Qxd6 14. Rab1 a5 15. a3 Bd7 16. Rfc1 h6 17. b4 axb4 18. axb4 b5 19. Ne5 Rec8 20. Ne2 Be8 21. Bf5 Nd7 22. Nxd7 Bxd7 23. Rb3 Nd8 24. Nf4 Bxf5 25. Qxf5 Nb7 26. Rbc3 g6 27. Qe5 Qd7 28. Nd3 Nd6 29. Nc5 Qd8 30. e4 Nc4 31. Qf4 Qg5 32. Rf3 Qxf4 33. Rxf4 dxe4 34. Nxe4 Kg7 35. Nc5 Rd8 36. Re1 Ra7 37. h4 Nb6 38. Ree4 Nd5 39. Rf3 Nxb4 40. Rc3 Nd5 41. Rc1 b4 42. Nd3 Nc3 43. Rf4 Ne2+ 44. Kh2 Nxf4 45. Nxf4 Rxd4 46. Ne2 Rxh4+ 47. Kg3 Rh5 48. Rxc6 Rb7 49. Rc2 b3 50. Rb2 Rc5 0-1

[Event "Titled Tuesday intern op 19th Dec Early"]
[Site "Chess.com INT"]
[Date "2023.12.19"]
[Round "11"]
[White "Zemlyanskii, Ivan"]
[Black "Manukyan, Sargis V"]
[Result "1-0"]
[WhiteElo "2492"]
[BlackElo "2253"]
[PlyCount "63"]
[EventDate "2023.12.19"]
[EventType "swiss (blitz)"]
[EventRounds "11"]
[EventCountry "USA"]
[SourceTitle "CB52_2023"]
[SourceDate "2023.12.27"]
[SourceVersion "1"]
[SourceVersionDate "2023.12.27"]
[SourceQuality "1"]

1. d4 Nf6 2. c4 c5 3. d5 e6 4. Bf4 a6 5. Nc3 exd5 6. cxd5 b5 7. Nf3 d6 8. e3 Bb7 9. e4 b4 10. Na4 Nxe4 11. Bc4 Be7 12. 0-0 0-0 13. Re1 Nf6 14. Nxc5 dxc5 15. d6 Bxd6 16. Bxd6 Re8 17. Bxc5 Rxe1+ 18. Nxe1 Qc8 19. Rc1 Nc6 20. Qb3 Ne5 21. Qxb4 Nxc4 22. Qxc4 Bd5 23. Qa4 Qb7 24. Bd4 Ne4 25. Qa5 Re8 26. b3 h6 27. Rc7 Nd2 28. Nd3 Qb8 29. Be5 Qa8 30. Qxd2 Bxg2 31. Qf4 Bh1 32. Qg3 1-0

[Event "Titled Tuesday intern op 19th Dec Early"]
[Site "Chess.com INT"]
[Date "2023.12.19"]
[Round "7"]
[White "Zemlyanskii, Ivan"]
[Black "Shadhursshaan, R."]
[Result "1-0"]
[WhiteElo "2492"]
[BlackElo "2058"]
[PlyCount "73"]
[EventDate "2023.12.19"]
[EventType "swiss (blitz)"]
[EventRounds "11"]
[EventCountry "USA"]
[SourceTitle "CB52_2023"]
[SourceDate "2023.12.27"]
[SourceVersion "1"]
[SourceVersionDate "2023.12.27"]
[SourceQuality "1"]

1. d4 Nf6 2. c4 e6 3. Bf4 d5 4. Nc3 c6 5. e3 Bd6 6. Bg3 Bxg3 7. hxg3 Qd6 8. Nf3 Nbd7 9. Rc1 Ne4 10. Bd3 Nxc3 11. Rxc3 dxc4 12. Bxc4 b5 13. Bd3 Bb7 14. Nd2 a6 15. Ne4 Qe7 16. Nc5 Nxc5 17. Rxc5 0-0-0 18. a4 f6 19. axb5 axb5 20. Qb3 Kb8 21. Be4 Rd6 22. 0-0 f5 23. Bf3 g5 24. Rfc1 g4 25. Bxc6 Rxc6 26. Rxc6 Bxc6 27. Rxc6 Qb7 28. Qxe6 Rc8 29. Rb6 Rc1+ 30. Kh2 Ka7 31. Rxb7+ Kxb7 32. Qxf5 Kb6 33. Qxh7 Rc6 34. Qg7 Ka5 35. Qa7+ Ra6 36. Qc5 Ka4 37. Qa3# 1-0

[Event "Titled Tuesday intern op 12th Dec Early"]
[Site "Chess.com INT"]
[Date "2023.12.12"]
[Round "8"]
[White "Wagh, Suyog"]
[Black "Zemlyanskii, Ivan"]
[Result "0-1"]
[WhiteElo "2210"]
[BlackElo "2492"]
[PlyCount "118"]
[EventDate "2023.12.12"]
[EventType "swiss (blitz)"]
[EventRounds "11"]
[EventCountry "USA"]
[SourceTitle "CB51_2023"]
[SourceDate "2023.12.20"]
[SourceVersion "1"]
[SourceVersionDate "2023.12.20"]
[SourceQuality "1"]

1. e4 c5 2. Nf3 e6 3. d4 cxd4 4. Nxd4 Nf6 5. Bd3 Nc6 6. Nxc6 bxc6 7. 0-0 d5 8. Nc3 Be7 9. b3 0-0 10. Bb2 a5 11. Re1 Ba6 12. Rc1 Qb6 13. Na4 Qa7 14. c4 Rfd8 15. e5 Nd7 16. cxd5 cxd5 17. Bd4 Qb7 18. Bxa6 Rxa6 19. Qg4 Qb4 20. Qe2 Raa8 21. Bc3 Qb7 22. Qd2 Qa6 23. f4 g6 24. Rc2 Rdc8 25. Rec1 Ba3 26. Bb2 Bb4 27. Qf2 Rxc2 28. Qxc2 Nb6 29. Nxb6 Qxb6+ 30. Kh1 Qe3 31. Rf1 Rd8 32. Qc7 Rf8 33. a3 Qe2 34. Qc1 Bd2 35. Qb1 Rb8 36. Bd4 Rxb3 37. Qd1 Qxd1 38. Rxd1 Bxf4 39. a4 Be3 40. Bxe3 Rxe3 41. Rb1 Rxe5 42. Kg1 Re4 43. Ra1 Kg7 44. Kf2 g5 45. Kf3 h5 46. Ra3 Kg6 47. h3 f5 48. g3 h4 49. gxh4 Rxh4 50. Kg3 Kf6 51. Ra1 Rb4 52. Ra2 e5 53. Ra1 f4+ 54. Kg4 Rb3 55. Rc1 Rg3+ 56. Kh5 Rxh3+ 57. Kg4 Rg3+ 58. Kh5 Kf5 59. Rc8 Rh3# 0-1